000 00502 a2200157 4500
999 _c4652
_d4652
020 _a9780415366175
050 _aBP 302 DIS 2005
245 _aDiscourse in action :
_bIntroducing mediated discourse analysis /
_cedited by Sigrid Norris and Rodney H. Jones
264 _aNew York:
_bRoutledge,
_c2005
300 _a229p. :
_bill. ;
500 _aIncludes index
650 _aDiscourse analysis
700 _aNorris, Sigrid
_eeditor
700 _aJones, Rodeny H.
_eeditor
942 _2lcc
_cBK
_h302
_iDIS
_kP